000 00361 a2200133 4500
003 Nust
005 20170207170443.0
040 _cNust
082 _a799
245 _aComdt's Address to Civil Faculty,Photographs-2015
_bMCS
260 _aRawalpindi
_bMCS
_c20-01-2015
650 _aPictures of Comdt's Address to Civil Faculty,Photographs-2015
651 _aSweet Memories-MCS
942 _cBK
999 _c214932
_d214932